000
00276nam a2200133Ia 4500
100
_a
Bansal/R.k
942
_c
BK
654
_a
Fluid
245
_a
fluid mechanics and hydraulic machines
260
_b
Laxmi
_c
2000
082
_a
532
_b
BAN
300
_a
957
546
_a
ENGLISH
999
_c
26119
_d
26119